Online
Catalog

Hombres dominicanos : (Record no. 31880)

MARC details
000 -CABECERA
campo de control de longitud fija 02139nam a2200409 a 4500
001 - NÚMERO DE CONTROL
campo de control 000032389
003 - IDENTIFICADOR DEL NÚMERO DE CONTROL
campo de control OSt
005 - FECHA Y HORA DE LA ÚLTIMA TRANSACCIÓN
campo de control 20250621074008.0
008 - DATOS DE LONGITUD FIJA--INFORMACIÓN GENERAL
campo de control de longitud fija 100407t1985 dr 001 0cspa d
040 ## - FUENTE DE LA CATALOGACIÓN
Centro catalogador/agencia de origen DO-SdBNP
Lengua de catalogación spa
Centro/agencia transcriptor BNPHU
082 ## - NÚMERO DE LA CLASIFICACIÓN DECIMAL DEWEY
Número de clasificación 923.17293
Número de documento/Ítem M385h 1985
Número de edición 22
100 1# - ENTRADA PRINCIPAL--NOMBRE DE PERSONA
Nombre de persona Martínez, Rufino
9 (RLIN) 38668
245 10 - MENCIÓN DE TÍTULO
Título Hombres dominicanos :
Resto del título Deschamps, Heureaux y Luperón. Santana y Báez /
Mención de responsabilidad, etc. Rufino Martínez ; notas y aclaraciones Manuel Marino Miniño Marión-Landais.
260 ## - PUBLICACIÓN, DISTRIBUCIÓN, ETC.
Lugar de publicación, distribución, etc. Santo Domingo :
Nombre del editor, distribuidor, etc. Sociedad Dominicana de Bibliófilos,
Fecha de publicación, distribución, etc. 1985
Fabricante
300 ## - DESCRIPCIÓN FÍSICA
Extensión 413 p. ;
Dimensiones 24 cm.
490 1# - MENCIÓN DE SERIE
Mención de serie Sociedad Dominicana de Bibliófilos
500 ## - NOTA GENERAL
Nota general Incluye índice de nombres y materias.
500 ## - NOTA GENERAL
Nota general Incluye referencias bibliográficas y notas al pie de las páginas
504 ## - NOTA DE BIBLIOGRAFÍA, ETC.
Nota de bibliografía, etc.
505 0# - NOTA DE CONTENIDO CON FORMATO
Título I.- Deschamps, Heureaux y Luperón :
Información miscelánea A guisa de prólogo /
Mención de responsabilidad Luis C. del Castillo --
Título Prefacio del autor --
-- Eugenio Deschamps --
-- Ulises Heureaux --
-- Gegorio Luperón --
-- Luperón y Heureaux --
-- II.- Santana y Báez :
Información miscelánea Prefacio --
Título Pedro Santana (1801-1864) --
-- Buenaventura Báez (1812-1884) --
Información miscelánea Índice de materias --
-- Índice de nombres.
534 ## - NOTA SOBRE LA VERSIÓN ORIGINAL
Encabezamiento principal del original Facsímil : Hombres Dominicanos : Deschamps, Heureaux, Luperón
Mención de edición del original 1936
Publicación, distribución, etc. del original Ciudad Trujillo, República Dominicana :
590 ## - NOTA LOCAL (RLIN)
Nota local Inventariado, 2020/VM
600 14 - PUNTO DE ACCESO ADICIONAL DE MATERIA--NOMBRE DE PERSONA
Nombre de persona Deschamps. Eugenio
Subdivisión cronológica 1861-1919
9 (RLIN) 50573
Fechas asociadas al nombre 1861-1919
600 10 - PUNTO DE ACCESO ADICIONAL DE MATERIA--NOMBRE DE PERSONA
Nombre de persona Heureaux, Ulises,
Fechas asociadas al nombre 1845-1899
9 (RLIN) 598
600 10 - PUNTO DE ACCESO ADICIONAL DE MATERIA--NOMBRE DE PERSONA
Nombre de persona Luperón, Gregorio,
Fechas asociadas al nombre 1839-1897
9 (RLIN) 888
600 #0 - PUNTO DE ACCESO ADICIONAL DE MATERIA--NOMBRE DE PERSONA
Nombre de persona Santana, Pedro.
Fechas asociadas al nombre 1801-1864
9 (RLIN) 6546
600 10 - PUNTO DE ACCESO ADICIONAL DE MATERIA--NOMBRE DE PERSONA
Nombre de persona Báez, Buenaventura,
Fechas asociadas al nombre 1812 -1944
9 (RLIN) 77576
650 #4 - PUNTO DE ACCESO ADICIONAL DE MATERIA--TÉRMINO DE MATERIA
Término de materia o nombre geográfico como elemento de entrada Presidentes
Subdivisión geográfica República Dominicana
Subdivisión general Biografías
9 (RLIN) 1790
650 #4 - PUNTO DE ACCESO ADICIONAL DE MATERIA--TÉRMINO DE MATERIA
Término de materia o nombre geográfico como elemento de entrada Dictadores
Subdivisión geográfica República Dominicana
9 (RLIN) 601
Subdivisión general Historia
650 #4 - PUNTO DE ACCESO ADICIONAL DE MATERIA--TÉRMINO DE MATERIA
Término de materia o nombre geográfico como elemento de entrada Políticos
Subdivisión geográfica República Dominicana
9 (RLIN) 1349
Subdivisión general Historia
651 #0 - PUNTO DE ACCESO ADICIONAL DE MATERIA--NOMBRE GEOGRÁFICO
Nombre geográfico República Dominicana
Subdivisión general Política y gobierno
9 (RLIN) 45
651 #0 - PUNTO DE ACCESO ADICIONAL DE MATERIA--NOMBRE GEOGRÁFICO
Nombre geográfico República Dominicana --
Subdivisión general Historia --
Subdivisión cronológica 1844-1930
9 (RLIN) 1009
700 1# - PUNTO DE ACCESO ADICIONAL--NOMBRE DE PERSONA
Nombre de persona Miniño Marión-Landais, Manuel Marino,
Fechas asociadas al nombre 1930-
9 (RLIN) 38577
830 #0 - PUNTO DE ACCESO ADICIONAL DE SERIE-TÍTULO UNIFORME
Título uniforme Sociedad Dominicana de Bibliófilos
9 (RLIN) 77577
910 ## - DATOS DE OPCIÓN DEL USUARIO (OCLC)
Datos de opción del usuario VMateo / Validado. Control de calidad EMS.
942 ## - ELEMENTOS DE PUNTO DE ACCESO ADICIONAL (KOHA)
Fuente del sistema de clasificación o colocación Dewey Decimal Classification
Tipo de ítem Koha Libro
Holdings
Estado de retiro Estado de pérdida Fuente del sistema de clasificación o colocación Restricciones de uso No para préstamo Código de colección Localización permanente Ubicación/localización actual Ubicación en estantería Fecha de adquisición Fuente de adquisición Número de inventario Total de préstamos Signatura topográfica completa Código de barras Fecha visto por última vez Número de copia Coste, precio de reemplazo Precio válido a partir de Tipo de ítem Koha Nota pública
    Dewey Decimal Classification Préstamo en sala   Dominicana de Servicio Biblioteca Nacional Pedro Henríquez Ureña General Depósito 18.02.2015 Guaroa Ginebra   BNPHU DS 923.17293 M385h 1985 32389-30 25.06.2020 e. 3 0.00 25.06.2020 Libro y Folleto Colección Dominicana de Servicio  
    Dewey Decimal Classification Préstamo en sala   Dominicana de Servicio Biblioteca Nacional Pedro Henríquez Ureña General Depósito 17.06.2019 Reyes Duluc   BNPHU DS 923.17293 M385h 1985 32389-40 25.06.2020 e. 4   25.06.2020 Libro y Folleto Colección Dominicana de Servicio Perteneció a la biblioteca personal de la Flia. Reyes Duluc
    Dewey Decimal Classification Préstamo en sala   Dominicana de Servicio Biblioteca Nacional Pedro Henríquez Ureña General Depósito 17.06.2019 Luciano Martínez   BNPHU DS 923.17293 M385h 1985 2020-0724 14.12.2020 e. 5   25.06.2020 Libro y Folleto Colección Dominicana de Servicio Perteneció a la biblioteca personal de la Flia. Reyes Duluc
    Dewey Decimal Classification Excluido de préstamo Excluido de préstamo Patrimonio Dominicano Biblioteca Nacional Pedro Henríquez Ureña Patrimonio Dominicano Depósito 15.07.2011 Germán Emilio Ornes   BNPHU PD 923.17293 M385h 1985 32389-10 25.06.2020     25.06.2020 Libro y Folleto Colección Patrimonio Dominicano Perteneció a la biblioteca personal de Germán Emilio Ornes.
    Dewey Decimal Classification Excluido de préstamo Préstamo restrigido Patrimonio Dominicano Biblioteca Nacional Pedro Henríquez Ureña Patrimonio Dominicano Depósito 07.05.2013 FUNDI   BNPHU PD 923.17293 M385h 1985 32389-20 25.06.2020 e. 2   25.06.2020 Libro y Folleto Colección Patrimonio Dominicano  

Powered by Koha